000 00612nam a2200169 a 4500
008 120416s1979 ||||||||||||||||| || u
020 _a0394322045
050 _aTS 155 Dil
100 _aDilworth, James B., 1939-
245 1 0 _aProduction and operations management: manufacturing and nonmanufacturing
260 _aNew York:
_bRandom House
_c1979
300 _axv, 618p. : ill.
350 _a0.00
650 _aPRODUCTION
650 0 _aPRODUCTION MANAGEMENT
995 _D0.00
_FCBU-MAIN LIBRARY (Kitwe)
_H1
_I28.00
_M1
_UDAMAGED
_ZMain Library Open Access Collection
999 _c54887
_d54887